000 00683nam a22002052 4500
001 0000003283
005 20151217155820.0
008 070502s xx 000 0 eng d
020 _a9991131213 :
_cGBP 25.00
040 _aKABU
_cKABU
050 0 _aHQ1800
_b.C53
245 1 0 _aChanging gender relations in Southern Africa :
_bIssues of urban life /
_cedited by Anita Larsson, Matseliso Mapetla, Ann Schlyter.
260 _aRoma, Lesotho :
_bISAS,
_c1998.
300 _aviii, 336 p.
650 0 _aUrban women
_zAfrica, Southern.
_@0000153065
700 1 _aLarsson, Anita.
_@0000153066
908 _a070502
950 _@1
999 _c12807
_d12807